000 00851nam a22002537a 4500
001 20628
003 UA-OsUOA
005 20240125164139.0
007 ta
008 20031101b un ||||| |||| 00| 0 ukr d
040 _aUA-OsUOA
_brus
_cUA-OsUOA
_dUA-OsUOA
041 _arus
044 _aRU
080 _a929:51
090 _a929:51
_bА46
100 _aАлександров П. С.
245 _aН. И. Лобачевский – великий русский математик
_bстенограмма публичной лекции, прочитанной в Центральном лектории Общества в Москве
260 _aМосква
_bЗнание
_c1956
300 _a24 с.
650 7 _2UDC
942 _cBK
_2udc
955 _a0
999 _c306808
_d306808